Statistics for Turkish Foods by Picture

Click here to take the quiz!

General Stats

  • This quiz has been taken 175 times
  • The average score is 10 of 12

Answer Stats

Answer% Correct
Baklava
97%
Döner
95%
Lahmacun
91%
Pide
90%
Sarma
89%
Simit
88%
Börek
86%
Menemen
80%
Turkish Delight
79%
Çiğ Köfte
77%
İçli Köfte
75%
Kokoreç
69%

Score Distribution

Percentile by Number Answered

Percent of People with Each Score

Your Score History

You have not taken this quiz